Statistics for Random Country to 5 Largest Cities on Map

Click here to take the quiz!

General Stats

  • This quiz has been taken 902 times
  • The average score is 19 of 30

Answers on the Map

Answers color-coded by a green-red scale on the quiz's map according to % correct below.
 

Answer Stats

CountryCity% Correct
NetherlandsAmsterdam
100%
TurkeyAnkara
100%
GreeceAthens
100%
SpainBarcelona
100%
ChinaBeijing
100%
GermanyBerlin
100%
BrazilBrasilia
100%
BelgiumBrussels
100%
ArgentinaBuenos Aires
100%
EgyptCairo
100%
MoroccoCasablanca
100%
TanzaniaDar es Salaam
100%
IndiaDelhi
100%
BangladeshDhaka
100%
TanzaniaDodoma
100%
IrelandDublin
100%
MoroccoFes
100%
BelarusGomel
100%
BelarusGrodno
100%
VietnamHanoi
100%
VietnamHo Chi Minh City
100%
TurkeyIstanbul
100%
IndonesiaJakarta
100%
PakistanKarachi
100%
UkraineKiev
100%
IndiaKolkata
100%
PakistanLahore
100%
PeruLima
100%
United KingdomLondon
100%
United StatesLos Angeles
100%
SpainMadrid
100%
PhilippinesManila
100%
MoroccoMarrakesh
100%
MexicoMexico City
100%
ItalyMilan
100%
BelarusMinsk
100%
BelarusMogilev
100%
CanadaMontreal
100%
RussiaMoscow
100%
IndiaMumbai
100%
ItalyNaples
100%
United StatesNew York City
100%
FranceParis
100%
MoroccoRabat
100%
BrazilRio de Janeiro
100%
ItalyRome
100%
RussiaSaint Petersburg
100%
ChileSantiago
100%
BrazilSao Paulo
100%
SpainSeville
100%
ChinaShanghai
100%
MoroccoTangier
100%
JapanTokyo
100%
CanadaToronto
100%
ItalyTurin
100%
CanadaVancouver
100%
TanzaniaZanzibar
100%
FranceLyon
93%
FranceMarseille
93%
FranceNice
93%
GermanyHamburg
91%
JapanOsaka
90%
AustraliaSydney
90%
CanadaCalgary
89%
IndiaChennai
89%
MyanmarYangon
89%
KazakhstanNur-Sultan
88%
South AfricaCape Town
86%
South AfricaJohannesburg
86%
PolandKrakow
86%
MalaysiaKuala Lumpur
86%
NetherlandsRotterdam
86%
BrazilSalvador
86%
IranTehran
86%
NetherlandsThe Hague
86%
PolandWarsaw
86%
SwitzerlandBern
83%
ColombiaBogota
83%
ChinaGuangzhou
83%
NigeriaLagos
83%
Saudi ArabiaRiyadh
83%
SwitzerlandZurich
83%
United KingdomBirmingham
82%
GermanyFrankfurt
82%
United KingdomGlasgow
82%
GermanyMunich
82%
South KoreaSeoul
82%
New ZealandWellington
82%
IraqBaghdad
80%
AustraliaBrisbane
80%
FranceToulouse
80%
TurkeyAdana
78%
IndiaBengaluru
78%
TurkeyBursa
78%
CanadaEdmonton
78%
TurkeyIzmir
78%
MyanmarNaypyidaw
78%
EgyptAlexandria
75%
United StatesChicago
75%
IrelandCork
75%
IrelandGalway
75%
MexicoGuadalajara
75%
United StatesHouston
75%
TaiwanKaohsiung
75%
ItalyPalermo
75%
United StatesPhoenix
75%
TaiwanTaipei
75%
SpainValencia
75%
New ZealandAuckland
73%
GermanyCologne
73%
United KingdomLiverpool
73%
BangladeshChittagong
71%
NetherlandsEindhoven
71%
BrazilFortaleza
71%
NetherlandsUtrecht
71%
AustraliaAdelaide
70%
AustraliaMelbourne
70%
AustraliaPerth
70%
NigeriaAbuja
67%
ColombiaBarranquilla
67%
SwitzerlandBasel
67%
PhilippinesCebu
67%
SwitzerlandGeneva
67%
Saudi ArabiaJeddah
67%
NigeriaKano
67%
SwitzerlandLausanne
67%
MyanmarMandalay
67%
NigeriaPort Harcourt
67%
ChinaTianjin
67%
ChinaXiamen
67%
IndonesiaBandung
64%
South KoreaBusan
64%
IndonesiaSurabaya
64%
KazakhstanAlmaty
63%
MexicoCiudad Juarez
63%
MexicoPuebla
63%
MexicoTijuana
63%
RussiaYekaterinburg
63%
SpainZaragoza
63%
IraqErbil
60%
JapanNagoya
60%
UkraineKharkiv
58%
BelgiumAntwerp
57%
BelgiumGhent
57%
IranIsfahan
57%
IranMashhad
57%
PolandPoznan
57%
South AfricaPretoria
57%
IranTabriz
57%
PolandWroclaw
57%
PhilippinesAngeles
56%
United KingdomBristol
55%
New ZealandChristchurch
55%
Saudi ArabiaDammam
50%
UkraineDonetsk
50%
AustriaGraz
50%
AustriaInnsbruck
50%
AustriaLinz
50%
Saudi ArabiaMecca
50%
ColombiaMedellin
50%
Saudi ArabiaMedina
50%
IraqMosul
50%
RussiaNizhny Novgorod
50%
RussiaNovosibirsk
50%
UkraineOdesa
50%
AustriaSalzburg
50%
JapanSapporo
50%
TaiwanTaichung
50%
TaiwanTainan
50%
AustriaVienna
50%
IrelandWaterford
50%
IndonesiaMedan
45%
ArgentinaCordoba
44%
PhilippinesDavao
44%
PakistanRawalpindi
44%
ArgentinaRosario
44%
BelgiumCharleroi
43%
South AfricaDurban
43%
MalaysiaJohor Bahru
43%
BelgiumLiège
43%
South AfricaPort Elizabeth
43%
IranShiraz
43%
UkraineDnipro
42%
NigeriaIbadan
42%
ChileAntofagasta
40%
TanzaniaArusha
40%
ChileConcepción
40%
VietnamDa Nang
40%
JapanFukuoka
40%
IraqKirkuk
40%
ChileValparaiso
40%
IrelandLimerick
38%
ColombiaCali
33%
ColombiaCartagena
33%
PakistanFaisalabad
33%
PakistanGujranwala
33%
GreeceHeraklion
33%
ArgentinaMendoza
33%
GreecePatras
33%
GreeceThessaloniki
33%
BelarusViciebsk
33%
BangladeshKhulna
29%
PolandLodz
29%
New ZealandHamilton
27%
KazakhstanAktobe
25%
PeruArequipa
25%
TaiwanHsinchu
25%
EgyptPort Said
25%
EgyptSuez
25%
MyanmarBago
22%
ArgentinaSan Miguel de Tucuman
22%
MyanmarTaunggyi
22%
VietnamCan Tho
20%
VietnamHai Phong
20%
ChileLa Serena
20%
TanzaniaMwanza
20%
South KoreaDaegu
18%
South KoreaGwangju
18%
GreeceLarissa
17%
MalaysiaIpoh
14%
MalaysiaKota Kinabalu
14%
MalaysiaKuching
14%
BangladeshRajshahi
14%
KazakhstanShymkent
13%
PhilippinesCagayan de Oro
11%
IraqBarsah
10%
IndonesiaSemarang
9%
PeruChiclayo
0%
South KoreaDeajeon
0%
KazakhstanKaragandy
0%
EgyptMansoura
0%
PeruPiura
0%
BangladeshShylet
0%
New ZealandTauranga
0%
PeruTrujillo
0%

Score Distribution

Percentile by Number Answered

Percent of People with Each Score

Your Score History

You have not taken this quiz